000 01019cam a2200325 4500
008 090401t1996 xxu||||| |||| 00| 0 eng d
020 _a1874529876
035 _a(Sirsi) u33976
041 _aeng
050 _a658.99
245 _aConstruction management : issues and perspectives.
260 _aDartford, Kent
_bGreenwich University Press
_c1996
300 _avii,52p. ; 24cm.
350 _a0
520 _aCollection of articles originally published in the Chartered Institute of Building Directory 1994.
650 _aASIA PACIFIC
650 _aCONSTRUCTION MANAGEMENT
_96230
650 _aFACILITES MANAGEMENT
650 _aFINANCE
650 _aHEALTH AND SAFETY
_96244
650 _aMANAGEMENT-BUSINESS MANAGEMENT-INFORMATION MANAGEMENT
650 _aMANAGEMENT-PROJECT MANAGEMENT
650 _aQUALITY ASSURANCE
650 _aRISK ANALYSIS
650 _aVALUE MANAGEMENT
690 _aProject management
_96261
700 _aIsaac, David
_xEditor
942 _n0
948 _c04/03/1997
999 _c89890
_d89890